000 03786nab a2200277 i 4500
003 BR-BrBNA
005 20251125140643.0
008 251125b2023 bl.ar|pooa||| 00| 0 eng |
040 _aBR-BrBNA
_bpor
072 _aF70
100 _aSilva, Maria Vitória Coutinho Cordeiro da
100 _aSousa, Luana Mateus
100 _aSampaio, Valéria da Silva
100 _aLoiola, Maria Iracema Bezerra
245 _aFlora of Ceará, Brazil: Lythraceae
500 _aPublicação on-line; Bibliography p. 18-20 (60 ref.); 6 illus.; Summaries (En, Pt)
520 _a Abstract This study aimed to carry out a floristic-taxonomic survey of the Lythraceae representatives, as part of the project “Flora do Ceará: knowing to conserve”. The data were obtained via the morphologicals analysis of samples collected in the field, and collections in herbaria as well as in specialized bibliographies. In the state of Ceará, Lythraceae is represented by 15 species belonging to four genera: Ammannia (2); Cuphea (9), Lafoensia (3) and Pleurophora (1). The species were recorded in different phytophysiognomies, but they occur preferentially in the Steppic Savanna (Caatinga and/or Carrasco), in the Dense Ombrophilous Forest (Wet Forest) and in the Vegetation Complex of the Coastal Zone (Dunes and Lowland Semideciduous Forests). The taxon with the highest number of records was Cuphea campestris, which ocurrs in 26 municipalities. Eight species were recorded in ten conservation units in Ceará. Four species are endemic to the northeastern region: Cuphea campestris, C. laricoides, C. loefgrenii and Lafoensia glyptocarpa. Lafoensia glyptocarpa and L. pacari are new records for Ceará. The identification key, morphological descriptions, comments on distribution, ecology, phenology, uses, maps, and species illustrations are presented. Key words: Cuphea, diversity, Myrtales, Northeast of Brazil, taxonomy. Resumo O estudo objetivou realizar o levantamento florístico-taxonômico dos representantes da família Lythraceae, como parte do projeto “Flora do Ceará: conhecer para conservar”. Os dados foram obtidos através da análise de caracteres morfológicos de amostras obtidas em campo, coleções de herbários e bibliografias especializadas. No território cearense, Lythraceae está representada por 15 espécies pertencentes a quatro gêneros: Ammannia (2); Cuphea (9), Lafoensia (3) e Pleurophora (1). As espécies foram registradas em diferentes fitofisionomias, mas ocorrem preferencialmente na Savana Estépica (Caatinga e/ou Carrasco), na Floresta Ombrófila Densa (Mata Úmida) e no Complexo Vegetacional da Zona Litorânea (Dunas e Mata de Tabuleiro). O táxon com o maior número de registros foi Cuphea campestris, ocorrendo em 26 municípios. Nove espécies foram registradas em dez unidades de conservação do Ceará. Quatro espécies são endêmicas da região Nordeste: Cuphea campestris, C. laricoides, C. loefgrenii e Lafoensia glyptocarpa. Lafoensia glyptocarpa e L. pacari são novas ocorrências para o Ceará. Chave de identificação, descrições morfológicas, comentários sobre distribuição, ecologia, fenologia e usos, mapas, e ilustrações das espécies são apresentados. Palavras-chave: Cuphea, diversidade, Myrtales, Nordeste do Brasil, taxonomia.
650 _aBIODIVERSIDADE
650 _aNORDESTE
650 _aTAXONOMIA
650 _aLYTHRACEAE
773 0 _0709
_9359038
_dRio de Janeiro-RJ Jardim Botanico do Rio de Janeiro 1935
_o2025-7012
_tRodriguésia (Brazil)
_x0370-6583; 2175-7860 on-line
_gv. 74 p. 1-20; (2023)
_wBR2025004513
856 _uhttps://www.scielo.br/j/rod/a/pLBXFDM9HYv3sK75hccb8VB/?format=pdf&lang=en
942 _cANA
999 _c339206
_d339206